|
|
|
|
| LEADER |
02410nam a2200553 4500 |
| 001 |
ocn830512261 |
| 003 |
OCoLC |
| 005 |
20170124070455.9 |
| 006 |
m o d |
| 007 |
cr |n||||||||| |
| 008 |
130222s2013 enk ob 001 0 eng d |
| 040 |
|
|
|a CDX
|b eng
|e pn
|c CDX
|d OCLCO
|d CUS
|d DG1
|d OCLCA
|d OCLCF
|d OCLCQ
|d YDXCP
|d OCLCQ
|d GrThAP
|
| 020 |
|
|
|a 9781848214361
|q (Cloth)
|
| 020 |
|
|
|a 1848214367
|q (Cloth)
|
| 020 |
|
|
|a 9781299277304
|q (MyiLibrary)
|
| 020 |
|
|
|a 1299277306
|q (MyiLibrary)
|
| 020 |
|
|
|a 9781118578070
|
| 020 |
|
|
|a 1118578074
|
| 020 |
|
|
|a 9781118578070
|q (electronic bk.)
|
| 029 |
1 |
|
|a AU@
|b 000051629071
|
| 029 |
1 |
|
|a CHBIS
|b 010441778
|
| 029 |
1 |
|
|a CHVBK
|b 334088526
|
| 029 |
1 |
|
|a NZ1
|b 15340509
|
| 029 |
1 |
|
|a DEBBG
|b BV043395655
|
| 035 |
|
|
|a (OCoLC)830512261
|
| 037 |
|
|
|a 458980
|b MIL
|
| 050 |
|
4 |
|a TK7874
|b .C446 2013
|
| 082 |
0 |
4 |
|a 621.381
|2 23
|
| 049 |
|
|
|a MAIN
|
| 245 |
0 |
0 |
|a Chemistry in microelectronics /
|c edited by Yannick Le Tiec.
|
| 264 |
|
1 |
|a London :
|b ISTE Ltd :
|c 2013.
|
| 264 |
|
1 |
|b John Wiley & Sons Inc,
|c 2013.
|
| 300 |
|
|
|a 1 online resource (384 pages).
|
| 336 |
|
|
|a text
|b txt
|2 rdacontent
|
| 337 |
|
|
|a computer
|b c
|2 rdamedia
|
| 338 |
|
|
|a online resource
|b cr
|2 rdacarrier
|
| 490 |
1 |
|
|a Electronics engineering series
|
| 505 |
0 |
|
|a Chemistry in the "Front end of the line" (FEOL) / François Martin, Jean-Michel Hartmann, Véronique Carron, Yannick Le Tiec -- Chemistry in interconnects / Vincent Jousseaume, Paul-Henri Haumesser, Carole Pernel, Jeffery Butterbaugh, Sylvain Maîtrejean, Didier Louis -- The chemistry of wet surface preparation / Yannick Le Tiec, Martin Knotter -- The use and management of chemical fluids in microelectronics / Christiane Gottschalk, Kevin McLaughlin, Julie Cren, Catherine Peyne, Patrick Valenti -- Surface functionalization for micro- and nanosystems / Antoine Hoang, Gilles Marchand, Guillaume Nonglaton, Isabelle Texier-Nogues, Francoise Vinet.
|
| 588 |
0 |
|
|a Print version record.
|
| 650 |
|
0 |
|a Microelectronics.
|
| 650 |
|
0 |
|a Chemistry.
|
| 650 |
|
7 |
|a Chemistry.
|2 fast
|0 (OCoLC)fst00853344
|
| 650 |
|
7 |
|a Microelectronics.
|2 fast
|0 (OCoLC)fst01019757
|
| 655 |
|
4 |
|a Electronic books.
|
| 700 |
1 |
|
|a Le Tiec, Yannick.
|
| 776 |
0 |
8 |
|i Print version:
|z 9781299277304
|
| 830 |
|
0 |
|a Electronics engineering series.
|
| 856 |
4 |
0 |
|u https://doi.org/10.1002/9781118578070
|z Full Text via HEAL-Link
|
| 994 |
|
|
|a 92
|b DG1
|